Statistics for Countries closest to US states in area & population

Click here to take the quiz!

General Stats

  • This quiz has been taken 25 times
    (14 since last reset)
  • The average score is 10 of 24

Answer Stats

HintAnswer% Correct
Pop.Estonia
67%
AlaskaAreaLibya
67%
ColoradoAreaNew Zealand
67%
MaineAreaPortugal
67%
Pop.Sweden
67%
New MexicoAreaPoland
56%
New HampshireAreaDjibouti
44%
CaliforniaAreaIraq
44%
Pop.Swaziland
44%
OhioAreaBenin
33%
TexasAreaBurma
33%
HawaiiAreaEquatorial Guinea
33%
MichiganAreaGuinea
33%
Pop.Guyana
33%
Pop.Rwanda
33%
Pop.Slovakia
33%
Pop.Slovenia
33%
Pop.Yemen
33%
Pop.Albania
22%
Pop.Bahrain
22%
Rhode IslandAreaCape Verde
22%
NevadaAreaEcuador
22%
Pop.Sudan
22%
Pop.Trinidad and Tobago
22%

Score Distribution

Percentile by Number Answered

Percent of People with Each Score

Your Score History

You have not taken this quiz since the last reset